000 00278nam a2200097Ia 4500
008 220120s9999||||xx |||||||||||||| ||und||
100 _aAswin c k
_912788
245 0 _aAdvance Courier System
260 _aCoorg Institute of Technology
_bPonnampet
_c2003
650 _aCOMPUTER SCIENCE
999 _c138388
_d138388